| 000 | 00614cam a2200229 4500 | ||
|---|---|---|---|
| 001 | B479 | ||
| 008 | 090401t1985 xxu||||| |||| 00| 0 eng d | ||
| 035 | _a(Sirsi) u36133 | ||
| 041 | _aeng | ||
| 050 | _a333.335 | ||
| 110 |
_aSavills _92020 |
||
| 245 | 4 | _aThe Savills-RTP agricultural performance analysis - 1981-1984 | |
| 260 |
_aLondon _bSavills _c1982-1985 |
||
| 300 | _a4v. ; 30cm. | ||
| 350 | _a0 | ||
| 520 | _aContinued by Savills-IPD agricultural performance analysis q.v. | ||
| 650 | _aFARM LAND | ||
| 650 | _aINVESTMENT | ||
| 650 | _aROGER TYM AND PARTNERS | ||
| 942 | _n0 | ||
| 948 | _c04/03/1997 | ||
| 999 |
_c90186 _d90186 |
||